00637 2200229 4500001002100000005001500021035002000036007000300056008004100059020001600100082001000116084001600126100001700142245007100159260004100230300003600271650002900307700002300336520002600359990001100385990001100396INLIS00000000000453720191128025541 a0010-1119000164ta191128 g 0 ind  a602611477-7 a302.2 a302.2 BUN m0 aBUNDA, Fathi1 aMemahami Bahasa Bayi /cBunda Fathi; penyunting, Pisonia Sylvestri aYogyakarta :bRomawi Pustaka,c[s.a] avi, 113 hlm. :bilus. ;c20 cm. 4aKOMUNIKASI. BAHASA TUBUH0 aPISONIA, Sylvestri aBibliografi: hlm. 113 a7224 a a7224 b